Tiempo: ciencias sociales geografía e historia

Saved in:
Bibliografiske detaljer
Main Authors: García Sebastián, M (Author), Gatell Arimont, C (Author), Pons Granja, J (Author), Roig Obiol, Jean (Author)
Format: Bog
Sprog:spansk
Udgivet: Barcelona Vicens Vives 1996
Fag:
Tags: Tilføj Tag
Ingen Tags, Vær først til at tagge denne postø!

MARC

LEADER 00000nam a2200000 a 4500
001 UCS2385
003 CL-VaPUC
008 970523e19960000SP |||||||||||||||||spa|d
082 0 4 |a 372.83  |b GAR  |2 21 
100 |a García Sebastián, M  |e author  |9 561080 
700 0 |a Gatell Arimont, C  |e author  |9 387748 
700 0 |a Pons Granja, J  |e author  |9 387749 
700 0 |a Roig Obiol, Jean  |e author  |9 387750 
245 1 0 |a Tiempo: ciencias sociales geografía e historia 
300 |a v 
942 |c BK 
945 |d 19970523 00:00:00  |a rleighto 
260 |a Barcelona  |b Vicens Vives  |c 1996 
650 0 |a Ciencias sociales   |9 256351 
650 0 |a Enseñanza de las ciencias sociales  |9 337823 
650 0 |a Enseñanza de la geografía  |9 310005 
583 |a last modification  |c 20170727 03:46:54  |k Rodrigo Vera 
999 |c 260346  |d 260344 
952 |0 0  |1 0  |4 0  |6 372_830000000000000_GAR_1996  |7 0  |8 A  |9 286366  |a BIBHIS  |b BIBHIS  |d 2019-11-19  |h v.1  |i 3310701  |o 372.83 GAR 1996  |p 3310701  |r 2025-01-20  |w 2019-11-19  |y BK  |k HIS 
952 |0 0  |1 0  |4 0  |6 372_830000000000000_GAR_1996  |7 0  |8 A  |9 286367  |a BIBHIS  |b BIBHIS  |d 2019-11-19  |h v.3  |i 1360159  |o 372.83 GAR 1996  |p 1360159  |r 2025-01-20  |w 2019-11-19  |y BK  |k HIS